000 00385nam a2200121Ia 4500
008 220204s9999 xx 000 0 und d
082 _a338.43.01-058.244
_bFAO
245 0 _aOrganization and management of agricultural development for small farmers
260 _aRome
_bFAO
_c1992
490 _aFAO economic and social development paper 20 Rev.1
650 _aPolicy issues
942 _cBK
999 _c40907
_d40907